[Event "Paracin Prestige op"]
[Site "Paracin"]
[Date "2024.01.22"]
[Round "8"]
[White "Davudov, Tunar"]
[Black "Atalik, Suat"]
[Result "0-1"]
[WhiteElo "2046"]
[BlackElo "2439"]
[PlyCount "82"]
[EventDate "2024.01.15"]
[EventType "swiss"]
[EventRounds "9"]
[EventCountry "SRB"]
[SourceTitle "CB05_2024"]
[SourceDate "2024.01.31"]
[SourceVersion "1"]
[SourceVersionDate "2024.01.31"]
[SourceQuality "1"]

1. e4 e5 2. Nf3 Nc6 3. Nc3 Nf6 4. Bb5 Bd6 5. d3 0-0 6. Bg5 Re8 7. 0-0 h6 8. Bh4 a6 9. Bc4 Be7 10. a4 d6 11. h3 Be6 12. Bxe6 fxe6 13. d4 Nxe4 14. Bxe7 Nxc3 15. Bxd8 Nxd1 16. Bxc7 Nxb2 17. dxe5 dxe5 18. Bxe5 Nc4 19. Bc3 e5 20. Rab1 Re7 21. Rfd1 Rf8 22. Rd5 Rf4 23. Rbd1 Nb6 24. Rd6 Nxa4 25. Ba1 Rc4 26. Rd7 Rxd7 27. Rxd7 Nc5 28. Rc7 Rxc2 29. Kh2 Rc1 30. Bb2 Rb1 31. Rc8+ Kh7 32. Bxe5 Ne4 33. Bd4 a5 34. Rc7 Nxd4 35. Nxd4 a4 36. f3 Nd2 37. Rc3 b5 38. Rd3 Rd1 39. Ra3 Nf1+ 40. Kg1 Ne3+ 41. Kf2 Nc4 0-1

[Event "Paracin Prestige op"]
[Site "Paracin"]
[Date "2024.01.15"]
[Round "1"]
[White "Dvalishvili, Pavel S"]
[Black "Davudov, Tunar"]
[Result "1/2-1/2"]
[WhiteElo "2383"]
[BlackElo "2046"]
[PlyCount "29"]
[EventDate "2024.01.15"]
[EventType "swiss"]
[EventRounds "9"]
[EventCountry "SRB"]
[SourceTitle "CB05_2024"]
[SourceDate "2024.01.31"]
[SourceVersion "1"]
[SourceVersionDate "2024.01.31"]
[SourceQuality "1"]

1. e4 e5 2. Nf3 Nc6 3. Bb5 f5 4. Bxc6 dxc6 5. Nc3 Nf6 6. Qe2 fxe4 7. Nxe4 Bg4 8. h3 Bxf3 9. Qxf3 Bd6 10. 0-0 0-0 11. d3 Qd7 12. Nxf6+ gxf6 13. Bh6 Rf7 14. Qg4+ Qxg4 15. hxg4 1/2-1/2

[Event "Wch U14"]
[Site "Montesilvano"]
[Date "2023.11.24"]
[Round "11"]
[White "Katsanis, Vasileios Dimitrios"]
[Black "Davudov, Tunar"]
[Result "0-1"]
[WhiteElo "2173"]
[BlackElo "2000"]
[PlyCount "110"]
[EventDate "2023.11.13"]
[EventType "swiss"]
[EventRounds "11"]
[EventCountry "ITA"]
[SourceTitle "CB48_2023"]
[SourceDate "2023.11.29"]
[SourceVersion "1"]
[SourceVersionDate "2023.11.29"]
[SourceQuality "1"]

1. d4 Nf6 2. c4 c5 3. d5 e6 4. Nc3 exd5 5. cxd5 d6 6. e4 g6 7. Bd3 Bg7 8. h3 0-0 9. Nf3 Re8 10. 0-0 b6 11. Re1 Ba6 12. Qe2 Bxd3 13. Qxd3 a6 14. a4 Nbd7 15. Bf4 Qc7 16. g4 c4 17. Qf1 Qc5 18. Re2 b5 19. Be3 Qc8 20. axb5 axb5 21. Rxa8 Qxa8 22. Nxb5 Qb8 23. Nc3 Nxe4 24. Nxe4 Rxe4 25. Rc2 Qb3 26. Qc1 c3 27. bxc3 Qxd5 28. Rd2 Qc6 29. Qd1 Bf8 30. Bd4 Rf4 31. Rd3 Qb5 32. Re3 h5 33. Nh2 hxg4 34. Nxg4 f5 35. Nh2 Qd5 36. Rg3 Kf7 37. Nf3 Be7 38. Ne1 Ne5 39. Qd2 Re4 40. Nd3 Bh4 41. Bxe5 dxe5 42. Rf3 Kg7 43. Qc2 Rc4 44. Re3 e4 45. Nb2 Rc7 46. c4 Qd4 47. Kg2 Bf6 48. Rb3 f4 49. Rb5 f3+ 50. Kg1 Qd7 51. Qxe4 Qxh3 52. Rg5 Bxg5 53. Qe5+ Kh6 54. Qh8+ Rh7 55. Qf8+ Kh5 0-1

[Event "EU-ch U14 31st"]
[Site "Mamaia"]
[Date "2023.09.06"]
[Round "2"]
[White "Davudov, Tunar"]
[Black "Lohia, Sohum"]
[Result "1/2-1/2"]
[WhiteElo "2010"]
[BlackElo "2239"]
[PlyCount "127"]
[EventDate "2023.09.05"]
[EventType "swiss"]
[EventRounds "9"]
[EventCountry "ROU"]
[SourceTitle "EXT 2024"]
[Source "ChessBase"]
[SourceDate "2023.10.10"]
[SourceVersion "1"]
[SourceVersionDate "2023.10.10"]
[SourceQuality "1"]

1. d4 Nf6 2. c4 e6 3. Nf3 d5 4. g3 dxc4 5. Bg2 Nc6 6. Qa4 Bb4+ 7. Bd2 Nd5 8. Qb5 0-0 9. Qxc4 Nb6 10. Qd3 Bxd2+ 11. Qxd2 e5 12. dxe5 Qe7 13. 0-0 Nxe5 14. Nxe5 Qxe5 15. Nc3 c6 16. Rad1 Be6 17. Qd4 Qxd4 18. Rxd4 Rfd8 19. Rfd1 Rxd4 20. Rxd4 Kf8 21. b3 Ke7 22. Ne4 Rd8 23. Rxd8 Kxd8 24. Nc5 Kc7 25. e4 Nd7 26. Nxe6+ fxe6 27. f4 Kd6 28. Kf2 e5 29. Ke3 a5 30. Bf1 h6 31. Be2 Nc5 32. h4 Ke6 33. Bc4+ Kf6 34. f5 b5 35. Be2 Na6 36. Bd1 Nb4 37. a3 Na6 38. Bc2 Nc5 39. Bd1 b4 40. axb4 axb4 41. Bc2 Nb7 42. Kd3 Na5 43. Bd1 Ke7 44. Ke3 c5 45. Kd3 Kf6 46. Bc2 Ke7 47. Bd1 Kf7 48. g4 Kf6 49. Bc2 g5 50. fxg6 Kxg6 51. Bd1 Kf6 52. Bc2 Ke7 53. Bd1 Ke6 54. Bc2 Ke7 55. Bd1 Kf8 56. Bc2 Kg8 57. Bd1 Kh8 58. Bc2 Kg7 59. Bd1 Kf6 60. Bc2 Ke6 61. Bd1 Kd6 62. Bc2 Ke7 63. Bd1 Kf6 64. Bc2 1/2-1/2

[Event "World ol U16"]
[Site "Nakhchivan"]
[Date "2022.10.08"]
[Round "7.7"]
[White "Davudov, Tunar"]
[Black "Nemsadze, Daviti"]
[Result "0-1"]
[WhiteElo "1868"]
[BlackElo "2010"]
[PlyCount "100"]
[EventDate "2022.10.02"]
[EventType "team-swiss"]
[EventRounds "9"]
[EventCountry "AZE"]
[SourceTitle "CBM 210 Extra"]
[Source "ChessBase"]
[SourceDate "2022.11.30"]
[SourceVersion "1"]
[SourceVersionDate "2022.11.30"]
[SourceQuality "1"]
[WhiteTeam "Azerbaijan IV"]
[BlackTeam "Georgia"]
[WhiteTeamCountry "AZE"]
[BlackTeamCountry "GEO"]

1. e4 c5 2. Nf3 e6 3. d4 cxd4 4. Nxd4 a6 5. Bd3 Nf6 6. 0-0 d6 7. c4 Nc6 8. Be3 Ne5 9. Nc3 Nfg4 10. Qe2 Nxe3 11. Qxe3 Nxd3 12. Qxd3 Be7 13. Rad1 0-0 14. b3 Qc7 15. f4 Bd7 16. Nf3 Rfd8 17. Kh1 Rac8 18. a4 Qa5 19. f5 Bf6 20. fxe6 fxe6 21. e5 dxe5 22. Ne4 Bxa4 23. Nxf6+ gxf6 24. Qe4 Bxb3 25. Qg4+ Kh8 26. Qxe6 Rc6 27. Rxd8+ Qxd8 28. Qg4 Bxc4 29. Re1 Bd5 30. Nh4 Rc4 31. Qh5 Qg8 32. Rg1 Rf4 33. Qh6 Qg7 34. Qh5 Bf7 35. Qd1 Rxh4 36. Qd8+ Bg8 37. h3 Rd4 38. Qc8 Qd7 39. Qf8 Qf7 40. Qh6 Qg7 41. Qh5 Qg6 42. Qf3 Bd5 43. Qa3 Kg7 44. Qe7+ Qf7 45. Qc5 Qd7 46. Qa3 Kf7 47. Rf1 Rd3 48. Qb2 Qxh3+ 49. Kg1 Qe3+ 50. Kh2 Rd2 0-1

[Event "World ol U16"]
[Site "Nakhchivan"]
[Date "2022.10.05"]
[Round "4.9"]
[White "Cebotari, Stanislav"]
[Black "Davudov, Tunar"]
[Result "0-1"]
[WhiteElo "2047"]
[BlackElo "1868"]
[PlyCount "140"]
[EventDate "2022.10.02"]
[EventType "team-swiss"]
[EventRounds "9"]
[EventCountry "AZE"]
[SourceTitle "CBM 210 Extra"]
[Source "ChessBase"]
[SourceDate "2022.11.30"]
[SourceVersion "1"]
[SourceVersionDate "2022.11.30"]
[SourceQuality "1"]
[WhiteTeam "Moldova"]
[BlackTeam "Azerbaijan IV"]
[WhiteTeamCountry "MDA"]
[BlackTeamCountry "AZE"]

1. Nf3 Nf6 2. g3 d5 3. Bg2 c5 4. d3 Nc6 5. 0-0 e5 6. Nbd2 Be7 7. e4 0-0 8. Re1 dxe4 9. dxe4 Qc7 10. c3 Rd8 11. Qc2 h6 12. Nc4 Be6 13. Ne3 c4 14. Nd2 b5 15. a4 a6 16. axb5 axb5 17. Rxa8 Rxa8 18. Nd5 Qd6 19. Nf1 Bd8 20. Nfe3 Bxd5 21. exd5 Ne7 22. b3 Bb6 23. bxc4 Bxe3 24. Bxe3 bxc4 25. Rd1 Nexd5 26. Qd2 Rd8 27. f4 exf4 28. Bxf4 Qe6 29. Be3 Re8 30. Bf2 Rd8 31. Re1 Qd6 32. Qd4 Qa6 33. Rd1 Rd7 34. Bh3 Nxc3 35. Qxd7 Nxd7 36. Rxd7 Qa1+ 37. Kg2 Qa8+ 38. Kg1 Qe4 39. Bg2 Qe6 40. Rd2 Ne4 41. Re2 f5 42. g4 g6 43. h4 c3 44. gxf5 gxf5 45. Bxe4 fxe4 46. Be3 Qc4 47. Kf2 h5 48. Bg5 c2 49. Re1 Qd3 50. Be3 Qd1 51. Bg5 Kf7 52. Rxe4 c1Q 53. Bxc1 Qxc1 54. Kf3 Qh1+ 55. Ke3 Qg2 56. Kf4 Kf6 57. Ke3 Qg3+ 58. Ke2 Kf5 59. Rd4 Ke5 60. Rc4 Kd5 61. Rb4 Qg2+ 62. Ke3 Qg1+ 63. Ke2 Ke5 64. Rc4 Kf5 65. Rb4 Qa1 66. Kf2 Qc3 67. Rb5+ Kg4 68. Rd5 Qb2+ 69. Kg1 Qb1+ 70. Kh2 Qa2+ 0-1

[Event "Wch U14"]
[Site "Mamaia"]
[Date "2022.09.15"]
[Round "10"]
[White "Anand, Batsukh"]
[Black "Davudov, Tunar"]
[Result "1-0"]
[WhiteElo "2201"]
[BlackElo "1868"]
[PlyCount "125"]
[EventDate "2022.09.06"]
[EventType "swiss"]
[EventRounds "11"]
[EventCountry "ROU"]
[SourceTitle "CBM 210 Extra"]
[Source "ChessBase"]
[SourceDate "2022.11.30"]
[SourceVersion "1"]
[SourceVersionDate "2022.11.30"]
[SourceQuality "1"]

1. d4 Nf6 2. c4 e6 3. Nf3 d5 4. g3 dxc4 5. Bg2 c5 6. 0-0 Nc6 7. Ne5 Bd7 8. Na3 cxd4 9. Naxc4 Be7 10. Bf4 0-0 11. Qb3 Qc8 12. Rac1 Nd5 13. Nxc6 bxc6 14. Be5 c5 15. Nd6 Qa6 16. Qb7 Qxb7 17. Nxb7 Rfc8 18. Bd6 Bxd6 19. Nxd6 Rc6 20. Nc4 Rac8 21. Rfd1 R6c7 22. e3 dxe3 23. fxe3 Nb6 24. Nd6 Rb8 25. b3 Kf8 26. Ne4 Rbc8 27. Bf1 Nd5 28. Ba6 Rd8 29. Kf2 Nb4 30. Be2 Ke7 31. a3 Nd5 32. Nxc5 Rdc8 33. b4 f5 34. Ba6 Rb8 35. Bc4 Nf6 36. Na6 Ng4+ 37. Ke2 Rbc8 38. Nxc7 Rxc7 39. Ba6 Kd8 40. a4 Rxc1 41. Rxc1 Nf6 42. b5 Nd5 43. Kd3 Ke7 44. Bb7 Nb6 45. Bc6 Bc8 46. a5 Na4 47. b6 Ba6+ 48. Kd2 axb6 49. Bxa4 bxa5 50. Rc7+ Kf6 51. Ra7 Bc4 52. Rxa5 Kg5 53. Ra7 Kf6 54. Kc3 Bd5 55. Bb3 Be4 56. Ra6 Kg5 57. Rxe6 Kg4 58. Re7 g5 59. Rxh7 f4 60. Re7 fxg3 61. Rxe4+ Kf5 62. Bc2 g2 63. Ra4+ 1-0

[Event "Chigorin Memorial 28th"]
[Site "St Petersburg"]
[Date "2021.10.29"]
[Round "7"]
[White "Davudov, Tunar"]
[Black "Ismayil, Malak"]
[Result "1-0"]
[WhiteElo "1621"]
[BlackElo "2067"]
[PlyCount "82"]
[EventDate "2021.10.23"]
[EventType "swiss"]
[EventRounds "9"]
[EventCountry "RUS"]
[SourceTitle "EXT 2023"]
[Source "ChessBase"]
[SourceDate "2022.10.05"]
[SourceVersion "1"]
[SourceVersionDate "2022.10.05"]
[SourceQuality "1"]

1. e4 e5 2. Nf3 Nc6 3. Bb5 a6 4. Ba4 Nf6 5. 0-0 b5 6. Bb3 Be7 7. Re1 0-0 8. c3 d6 9. h3 Nb8 10. d4 Nbd7 11. Nbd2 Bb7 12. Bc2 Re8 13. Nf1 Bf8 14. Ng3 g6 15. dxe5 dxe5 16. Qe2 Qe7 17. a4 Bc6 18. b4 bxa4 19. Bxa4 Bb7 20. Bg5 Bg7 21. Rad1 c6 22. Qe3 a5 23. Bb3 Red8 24. Nh4 axb4 25. cxb4 Qxb4 26. Bxf7+ Kxf7 27. Rb1 Qa3 28. Qxa3 Rxa3 29. Rxb7 h6 30. Be3 Rc3 31. Rd1 Bf8 32. Nf3 Re8 33. Nxe5+ Rxe5 34. Bd4 Rec5 35. Bxc3 Rxc3 36. e5 Nd5 37. Rxd7+ Ke6 38. Rb7 Rc2 39. Re1 Be7 40. Ne4 c5 41. Rbb1 Nb4 1-0

[Event "Chigorin Memorial 28th"]
[Site "St Petersburg"]
[Date "2021.10.28"]
[Round "6"]
[White "Rudovskii, Filipp"]
[Black "Davudov, Tunar"]
[Result "1/2-1/2"]
[WhiteElo "2199"]
[BlackElo "1621"]
[PlyCount "88"]
[EventDate "2021.10.23"]
[EventType "swiss"]
[EventRounds "9"]
[EventCountry "RUS"]
[SourceTitle "EXT 2023"]
[Source "ChessBase"]
[SourceDate "2022.10.05"]
[SourceVersion "1"]
[SourceVersionDate "2022.10.05"]
[SourceQuality "1"]

1. d4 Nf6 2. c4 e6 3. Nf3 b6 4. Bg5 Bb7 5. e3 Be7 6. Nbd2 d5 7. Ne5 0-0 8. Bd3 Nbd7 9. Qc2 h6 10. Bf4 dxc4 11. Ndxc4 Bb4+ 12. Kf1 Nd5 13. Bg3 Bd6 14. a3 Bxe5 15. dxe5 Ba6 16. Rd1 Nc5 17. Be2 Qe8 18. b4 Na4 19. Bd3 Qc6 20. Rc1 Ndc3 21. Nb2 Bxd3+ 22. Qxd3 Rad8 23. Qc4 Qxc4+ 24. Nxc4 b5 25. Na5 Rd2 26. Nc6 Ne2 27. Re1 Nac3 28. f3 a6 29. Bf2 Rc2 30. e4 Nf4 31. Nd4 Ra2 32. Rc1 Nd3 33. Rxc3 Rxf2+ 34. Kg1 Rd2 35. h4 Nf4 36. g3 Nh5 37. Nc6 Nxg3 38. Rh2 Ne2+ 39. Kf1 Ng3+ 40. Kg1 Rd1+ 41. Kf2 Nh5 42. Re3 f5 43. exf6 gxf6 44. Re2 f5 1/2-1/2

[Event "Chigorin Memorial 28th"]
[Site "St Petersburg"]
[Date "2021.10.27"]
[Round "5"]
[White "Sapenov, Daniyal"]
[Black "Davudov, Tunar"]
[Result "1-0"]
[WhiteElo "2189"]
[BlackElo "1621"]
[PlyCount "113"]
[EventDate "2021.10.23"]
[EventType "swiss"]
[EventRounds "9"]
[EventCountry "RUS"]
[SourceTitle "EXT 2023"]
[Source "ChessBase"]
[SourceDate "2022.10.05"]
[SourceVersion "1"]
[SourceVersionDate "2022.10.05"]
[SourceQuality "1"]

1. d4 Nf6 2. c4 e6 3. Nf3 b6 4. g3 Bb7 5. Bg2 Be7 6. 0-0 d5 7. cxd5 exd5 8. Nc3 0-0 9. Bf4 a6 10. Rc1 Nbd7 11. Nh4 Rc8 12. Nf5 Re8 13. Qb3 Nf8 14. Bg5 Ne6 15. Nxe7+ Qxe7 16. Bxf6 Qxf6 17. e3 Ng5 18. f4 Ne4 19. Nxe4 dxe4 20. Bh3 Rcd8 21. Rxc7 Bd5 22. Qc2 Qd6 23. Rc1 Qb4 24. a3 Qb5 25. Bf1 Qa5 26. Qc3 Qa4 27. Qb4 Qxb4 28. axb4 b5 29. Ra7 Ra8 30. Rxa8 Rxa8 31. Rc5 Rd8 32. Bh3 Kf8 33. Bc8 Bc4 34. Bxa6 Rb8 35. Rc8+ Rxc8 36. Bxc8 Ke7 37. g4 g6 38. g5 Bd5 39. f5 Kd8 40. fxg6 hxg6 41. Bg4 Ke7 42. Kf2 Kd6 43. Be2 Bc6 44. Kg3 Ke6 45. Kf4 Kd5 46. h4 Be8 47. Bf1 Bd7 48. b3 Kc6 49. Kxe4 Be6 50. Ke5 Bxb3 51. Bg2+ Kd7 52. Bd5 Bc4 53. Bxc4 bxc4 54. Ke4 Kc6 55. d5+ Kb5 56. d6 c3 57. Kd3 1-0

[Event "Nizami Ganjavi 880 years U17"]
[Site "Tornelo INT"]
[Date "2021.04.04"]
[Round "8.4"]
[White "Karimli, Yusif"]
[Black "Davudov, Tunar"]
[Result "1-0"]
[WhiteElo "1571"]
[BlackElo "1631"]
[PlyCount "103"]
[EventDate "2021.04.02"]
[EventType "team-swiss (blitz)"]
[EventRounds "9"]
[EventCountry "AZE"]
[SourceTitle "EXT 2023"]
[Source "ChessBase"]
[SourceDate "2022.10.05"]
[SourceVersion "1"]
[SourceVersionDate "2022.10.05"]
[SourceQuality "1"]
[WhiteTeam "Azerbaijan III"]
[BlackTeam "Azerbaijan II"]
[WhiteTeamCountry "AZE"]
[BlackTeamCountry "AZE"]

1. d4 Nf6 2. Nf3 d5 3. Bf4 c5 4. e3 Nc6 5. c3 Bg4 6. Nbd2 e6 7. Bd3 Bd6 8. Bxd6 Qxd6 9. 0-0 0-0 10. h3 Bh5 11. Re1 e5 12. dxe5 Nxe5 13. Be2 Nxf3+ 14. Bxf3 Bxf3 15. Qxf3 Qb6 16. Rab1 Qa6 17. a3 Rfe8 18. e4 d4 19. e5 Nd7 20. cxd4 cxd4 21. Qd5 Qe6 22. Qxb7 Nxe5 23. f4 Qc6 24. Qb3 Ng6 25. Qf3 Qc2 26. Qf2 d3 27. f5 Ne5 28. Rec1 Qa4 29. Rc7 Rac8 30. Rbc1 Rxc7 31. Rxc7 Qd1+ 32. Nf1 a5 33. f6 Qe2 34. Re7 Rd8 35. Qg3 g6 36. Rxe5 Qxb2 37. Qxd3 Qb6+ 38. Qe3 Qxf6 39. Rxa5 Rd1 40. Qf2 Rxf1+ 41. Kxf1 Qa1+ 42. Qe1 Qf6+ 43. Kg1 Qb6+ 44. Kh1 h5 45. Ra8+ Kh7 46. Qa1 f6 47. Qe1 Kh6 48. Re8 g5 49. Qe4 f5 50. Re6+ Kg7 51. Qe5+ Kf7 52. Qf6+ 1-0